Vainqueurs championnat du monde de fléchettes (PDC world championship) - Statistiques

Statistiques générales
  • Ce quiz a été pris 188 fois
    84 depuis la dernière actualisation
  • Le résultat moyen est 21 sur 33
Statistiques - réponses
Année Nationalité Joueur % Correct
2025 Angleterre Luke Littler
97%
2024 Angleterre Luke Humphries
85%
2014 Pays-Bas Michael Van Gerwen
84%
2017 Pays-Bas Michael Van Gerwen
84%
2019 Pays-Bas Michael Van Gerwen
84%
2015 Écosse Gary Anderson
79%
2016 Écosse Gary Anderson
79%
1995 Angleterre Phil Taylor
75%
1996 Angleterre Phil Taylor
75%
1997 Angleterre Phil Taylor
75%
1998 Angleterre Phil Taylor
75%
1999 Angleterre Phil Taylor
75%
2000 Angleterre Phil Taylor
75%
2001 Angleterre Phil Taylor
75%
2002 Angleterre Phil Taylor
75%
2004 Angleterre Phil Taylor
75%
2005 Angleterre Phil Taylor
75%
2006 Angleterre Phil Taylor
75%
2009 Angleterre Phil Taylor
75%
2010 Angleterre Phil Taylor
75%
2013 Angleterre Phil Taylor
75%
2021 Pays de Galles Gerwin Price
66%
2023 Angleterre Michael Smith
62%
2020 Écosse Peter Wright
57%
2022 Écosse Peter Wright
57%
2018 Angleterre Rob Cross
52%
2007 Pays-Bas Raymond Van Barneveld
31%
2011 Angleterre Adrian Lewis
30%
2012 Angleterre Adrian Lewis
30%
2026 Angleterre Luke Littler
23%
2003 Canada John Part
18%
2008 Canada John Part
18%
1994 Angleterre Dennis Priestley
10%
Aucun quiz correspondant
Distribution des résultats
% des personnes avec chaque résultat
Percentile par nombre de réponses
Votre historique - résultats
Vous n’avez pas pris ce quiz depuis la dernière actualisation